Everything Happens for a Reason - Madison Beer - Statistics

General Stats
  • This quiz has been taken 29 times
  • The average score is 137 of 150
Answer Stats
Hint Answer % Correct
a
100%
bad
100%
believe
100%
can't
100%
Verse Can't
100%
everything
100%
find
100%
for
100%
happens
100%
hurt
100%
Chorus | Intro | Outro I
100%
(I
100%
love
100%
me
100%
reason
100%
so
100%
still
100%
That
100%
to
100%
To
100%
wanna
100%
you
100%
you)
100%
Refrain And
89%
But
89%
deserve
89%
did
89%
do
89%
heart?
89%
in
89%
my
89%
pain
89%
such
89%
the
89%
used
89%
what
89%
world
89%
You'd
89%
I'm
78%
no
78%
get
67%
gettin'
67%
just
67%
moves
67%
never
67%
on
67%
over
67%
with
67%
it's
56%
relief
56%
seasons
56%
Time
56%
true
56%
Guess
33%
No matching quizzes found
Score Distribution
Percent of People with Each Score
Percentile by Number Answered
Your Score History
You have not taken this quiz